Open Data Biblioteca Nacional de Portugal


República Portuguesa: Ministério da Cultura
Biblioteca Nacional de Portugal

Catálogo da BNP: acesso por Identificadores Unívocos
Registos Bibliográficos associados ao registo de autoridade

Etiqueta de registo: 00254nam 2200025 450
001 2261039
003 http://id.bnportugal.gov.pt/bib/catbnp/2261039
100 ## $a20260204d2025 k y0pory01030103ba
101 0# $apor$deng
102 ## $aPT
105 ## $aa m 000yy
106 ## $ar
200 1# $a O retorno do olhar e um outro eu$evivências junto ao Crioulas Vídeo, da Comunidade Quilombola de Conceição das Crioulas$fFelipe Peres Calheiros$gorient. Tiago Assis
210 #9 $aPorto$c[s.n.],$d2025
215 ## $a[15], 295, [19] p.$cil.$d30 cm
328 #1 $aTese dout. Educação Artística, Faculdade de Belas Artes, Faculdade de Psicologia e de Ciências da Educação, Universidade do Porto, Universidade de Lisboa, 2025
675 ## $a791.42(81)(043)$vBN$zpor$31988476
675 ## $a398(=1:81=013)(043)$vBN$zpor$31988477
700 #1 $aCalheiros,$bFelipe Peres$31983604
702 #1 $aAssis,$bTiago Barbedo$4727$31576135
801 #0 $aPT$bBN$gRPC
966 ## $lBN$mFGMON$sB.A. 53293 V.$x1
971 ## $cssilva$d20260204
972 ## $e0$z0$d20260309$vasantos
973 ## $caalmeid$d20260303
975 ## $e0$d20260311$viquintas

OpendataBNP@bnportugal.pt | Mais informação sobre acesso aos dados BNP